Datum a čas kvízu
17
Celkem bodů
Celkový počet nahraných bodů na tomto kvízu bez doplňovacích otázek.
7.
Pořadí na kvízu
Konečné umístění týmu na tomto kvízu.
Zaznamenané odpovědi
| # | Otázka | Odpověď | Body | Výsledky |
|---|---|---|---|---|
| 1. | Koncem týdne ovlivnila počasí... | Boris | 0 | |
| 2. | Minulý týden jsme se dozvěděli... | Stanford (University) | 0 | |
| 3. | Slavná americká rocková kapela... | Bon Jovi | 0 | |
| 4. | Londýnský obchodní dům s luxus... | Harrods | 0 | |
| 5. | Minulý týden potvrdila manželk... | Milan Baroš | 0 | |
| 6. | Může to být alergie, dieta, ne... | lněná | 0 | |
| 7. | Ve zdravých receptech se můžem... | zoodles | 0 | |
| 8. | Asi nepřekvapí, že ve stavu be... | tortilly | 1 | |
| 9. | Tento sirup, kterým lze sladit... | z čekanky | 1 | |
| 10. | Naprostým mistrem v nahrazován... | hořčici | 1 |